000
00315nam a22001457a 4500
008
221010b ||||| |||| 00| 0 eng d
020
_a
0070590028
041
_a
eng
080
_a
334.7
082
_a
334.7 SMI
100
_a
25.1
101
_a
MENA
245
_a
FINANCIAL ACCOUNTING
_c
SMITH J
942
_2
udc
_c
BK
999
_c
58449
_d
58449